00688nam a2200241 a 4500001001300000003000900013005001700022008004100039020001200080082001900092100002100111245002200132260003600154300000900190500003500199505001700234650002000251700002100271902000800292942000700300952012200307999001700429nice12345678IN_TiNIC20260116015144.0050524s1966 lona grp 000 0 eng  ac102.900a262.13092bJOH aJohn, Pope Xxiii aJournal of a Soul aLondonbFour Square Booksc1966 a521p aincludes index and biblioraphy2 aBibliography aPope John XXIII1 aJohn, Pope Xxiii bSRS cBK 001040708StackRoom-aHMIbHMId2007-07-11g102.90l0o262.13092 JOHp11000571r2007-07-11v102.90w2005-05-24yBK c18534d18534